03069nam a2200373uu 4500001000800000005001700008008004100025020001800066035001200084040001300096041000800109080000600117100008700123245003400210260014400244300001800388490004800406505007800454505006700532505007700599505013000676505008400806505008600890505010800976505010601084505008301190505007301273520119201346650002602538650002302564650002902587650003702616650004202653127987420260508072148.0120420s2011 spa  a9789586651950 a1279874 ccomduadb aspa aE10aMuñoz González, Germán4edt0(isni)0000 0003 9918 96850(viaf)292401381eedt10aJóvenes, culturas y poderes aBogotá :bSiglo del Hombre Editores,c2011 ;bUniversidad de Manizales ;bCentro Internacional de Educación y Desarrollo Humano (CINDE. a256 páginas0 aSerie Latinoamericana de Niñez y Juventud80tLa trayectoria del grupo de investigación Jóvenes, culturas y poderes80tEl concepto de generación en las teorías sobre la juventud80tLa relación de los jóvenes y las jóvenes con la cultura y el poder80tLo público como espacio de lo común ampliado : significados y prácticas de organizaciones y redes juveniles en Colombia80tLa configuración de las prácticas políticas en estudiantes universitarios80tImaginarios de juventud y ciudad en maestras y maestros de la ciudad de Popayán80tAdscripciones identitarias de jóvenes como horizonte de sentido de dinámicas conflictivas juveniles80tLa condición juvenil : opciones metodológicas para la construcción de un objeto de conocimiento80tSubjetividad, política y multitud : tres referentes para abordar la juventud80tFormas asociativas juveniles : apuntes para un trabajo etnográfico3 aLa relación entre los términos jóvenes, culturas y poderes define todo un programa de trabajo investigativo y una agenda de saberes indispensables para el rediseño del proyecto de país. Para pensarnos como colombianos y latinoamericanos hace falta ubicarnos en el ojo del huracán: los jóvenes se inventan a sí mismos dese su soledad, ?biografías atrapadas por la contingencia? y ?artificios de huida?, en medio de disputas simbólicas con las cuales manifiestan su ?malestar? frente a la sociedad contemporánea, mediante formas de expresión que se vuelven grito, placer y cuerpo. ¿Por dónde pasan hoy la(s) agencia juvenil(es), la elaboración y articulación de afirmaciones en torno a un "yo joven", en contextos cada vez más precarizados y desinstitucionalizados? ¿Cuál es su capital político, su horizonte biográfico, su opción de esperanza, su inscripción en las estéticas del consumo y del mercado? Esta obra busca brindar herramientas para responder a estos y a otros interrogantes sobre el sujeto joven. Libro en coedición con el Centro Internacional de Educación y Desarrollo Humano CINDE y la Universidad de Manizales (Colombia). aJuventud y política aJuventud y cultura aOrganizaciones juveniles aJuventud - Estadisticas sociales 7aSociología de la educación2embne